[Event "TUR-chT 2nd League"]
[Site "Denizli"]
[Date "2023.07.13"]
[Round "7.146"]
[White "Kocakose, Omer Melih"]
[Black "Callioglu, Yigit Sarp"]
[Result "1/2-1/2"]
[WhiteElo "1410"]
[BlackElo "1541"]
[PlyCount "77"]
[EventDate "2023.07.09"]
[EventType "team-swiss"]
[EventRounds "9"]
[EventCountry "TUR"]
[SourceTitle "CBM 215 Extra"]
[Source "ChessBase"]
[SourceDate "2023.09.30"]
[SourceVersion "1"]
[SourceVersionDate "2023.09.30"]
[SourceQuality "1"]
[WhiteTeam "Ortaca Belediye"]
[BlackTeam "Pamukkale Yonetimi"]
[WhiteTeamCountry "TUR"]
[BlackTeamCountry "TUR"]

1. e4 d6 2. d4 e5 3. Nc3 Nf6 4. Nf3 Nbd7 5. g4 Nxg4 6. Rg1 Ngf6 7. Bc4 h6 8. Be3 exd4 9. Nxd4 Ne5 10. Be2 d5 11. exd5 Bb4 12. Rxg7 Qxd5 13. Nf3 Nc6 14. Qxd5 Nxd5 15. Bd2 Be6 16. Nxd5 Bxd5 17. a3 Bxd2+ 18. Nxd2 Ke7 19. 0-0-0 Rag8 20. Rg3 Rxg3 21. fxg3 Rd8 22. Nf3 Bxf3 23. Bxf3 Rxd1+ 24. Kxd1 Nd8 25. Kd2 Kd6 26. Ke3 Ke5 27. Bg2 c6 28. Bf1 f5 29. Bc4 b5 30. Be2 Ne6 31. Bf3 c5 32. c3 Kd6 33. b3 a5 34. Be2 Nc7 35. Bf3 Ne6 36. Be2 Nc7 37. Bf3 Nd5+ 38. Bxd5 Kxd5 39. Kd3 1/2-1/2

[Event "TUR-chT 2nd League"]
[Site "Denizli"]
[Date "2023.07.12"]
[Round "5.146"]
[White "Kocakose, Omer Melih"]
[Black "Kaynak, Deniz Can"]
[Result "0-1"]
[WhiteElo "1410"]
[BlackElo "1620"]
[PlyCount "70"]
[EventDate "2023.07.09"]
[EventType "team-swiss"]
[EventRounds "9"]
[EventCountry "TUR"]
[SourceTitle "CBM 215 Extra"]
[Source "ChessBase"]
[SourceDate "2023.09.30"]
[SourceVersion "1"]
[SourceVersionDate "2023.09.30"]
[SourceQuality "1"]
[WhiteTeam "Ortaca Belediye"]
[BlackTeam "Afyonkarahisar Basari"]
[WhiteTeamCountry "TUR"]
[BlackTeamCountry "TUR"]

1. e4 d6 2. d4 Nf6 3. Nc3 e5 4. Nf3 Nbd7 5. h3 Be7 6. Be3 c6 7. Be2 Qc7 8. 0-0 0-0 9. a4 b6 10. Nd2 Bb7 11. f4 Rfe8 12. Bf3 Rad8 13. Nb3 Bf8 14. Re1 a6 15. g4 d5 16. Qc1 exd4 17. Bxd4 dxe4 18. Nxe4 Nxe4 19. Rxe4 c5 20. Rxe8 Rxe8 21. Bxb7 Qxb7 22. Bf2 Qf3 23. Qf1 Qxf4 24. Qg2 Re2 25. Rd1 Nf6 26. Rd8 Rxc2 27. a5 Ne4 28. Rxf8+ Kxf8 29. Bxc5+ Rxc5 30. Nxc5 bxc5 31. Qe2 Qg3+ 32. Kf1 Qxh3+ 33. Kg1 Qg3+ 34. Kf1 Qf4+ 35. Kg2 Qd2 0-1